[Event "YOUR WORST KNIGHTMARE"]
[Site "SchemingMind.com"]
[Date "2019.07.28"]
[Round "-"]
[White "roscoe"]
[Black "Steven DuCharme"]
[Result "1/2-1/2"]
[WhiteCountry "USA"]
[BlackCountry "USA"]
[WhiteElo "1327"]
[WhiteRD "91"]
[BlackElo "1483"]
[BlackRD "59"]
[GameID "444027"]

1. d4 Nf6 2. Nf3 b6 3. g3 Bb7 4. Bg2 e6 5. O-O Be7 6. Nbd2 O-O 7. Re1 d6 8. c4 Nbd7 9. e4 a5 10. e5 dxe5
11. dxe5 Ng4 12. Ne4 Ndxe5 13. Nxe5 Nxe5 14. Bf4 Nd3 15. Qd2 Nxf4 16. Qxf4 c5 17. Red1 Qb8 18. Qxb8 Raxb8 19. Rd3 Bxe4 20. Bxe4 Rfd8
21. Rad1 Rxd3 22. Rxd3 Rd8 23. Rxd8+ Bxd8=
1/2-1/2

[Event "YOUR WORST KNIGHTMARE"]
[Site "SchemingMind.com"]
[Date "2019.07.29"]
[Round "-"]
[White "Phillip Beckett"]
[Black "roscoe"]
[Result "0-1"]
[WhiteCountry "ENG"]
[BlackCountry "USA"]
[WhiteElo "1508"]
[WhiteRD "49"]
[BlackElo "1316"]
[BlackRD "86"]
[GameID "444166"]

1. e4 d6 2. d4 Nc6 3. Nc3 Nf6 4. Nf3 Bg4 5. Be2 g6 6. h3 Bxf3 7. Bxf3 Bg7 8. O-O O-O 9. Bg5 Re8 10. e5 dxe5
11. dxe5 Qxd1 12. Rfxd1 Rad8 13. exf6 exf6 14. Be3 f5 15. Rxd8 Nxd8 16. Bxa7 c6 17. Be3 h5 18. Rd1 Be5 19. Bb6 Ne6 20. Be3 f4
21. Bc1 Kg7 22. Rd7 Nc5 23. Ne4 Nxd7 24. b3 Nf6 25. Nxf6 Bxf6 26. Bxf4 Re1+ 27. Kh2 g5 28. Be3 Be5+ 29. g3 h4 30. Bxg5 hxg3+
31. fxg3 f6 32. Bd2 Ra1 33. a4 Ra2 34. Be4 Ra1
0-1

[Event "YOUR WORST KNIGHTMARE"]
[Site "SchemingMind.com"]
[Date "2019.07.28"]
[Round "-"]
[White "Steven DuCharme"]
[Black "Phillip Beckett"]
[Result "1-0"]
[WhiteCountry "USA"]
[BlackCountry "ENG"]
[WhiteElo "1483"]
[WhiteRD "59"]
[BlackElo "1476"]
[BlackRD "49"]
[GameID "444167"]

1. Nf3 Nf6 2. c4 e6 3. g3 d5 4. Bg2 Be7 5. O-O c6 6. cxd5 exd5 7. b3 O-O 8. Bb2 Nbd7 9. d3 Re8 10. Nbd2 Bd6
11. e4 dxe4 12. Nxe4 Nxe4 13. dxe4 Nb6 14. e5 Bc7 15. Qxd8 Rxd8 16. Rad1 Be6 17. Rfe1 Kf8 18. Nd4 Re8 19. Ba3+ Kg8 20. Nxe6 Rxe6
21. f4 Rd8 22. Bh3 Ree8 23. Kf2 Rxd1 24. Rxd1 Rd8 25. Rxd8+ Bxd8 26. Bc5 f6 27. Be6+ Kh8 28. exf6 gxf6 29. a4 Nd5 30. Bxd5 cxd5
31. Bxa7 Bc7 32. Bd4 Kg7 33. b4 Bd6 34. b5 Kg6 35. a5 Bc7 36. a6 bxa6 37. bxa6 Bb8 38. a7 Bxa7 39. Bxa7 Kf5 40. Kf3 h5
41. h3
1-0

[Event "YOUR WORST KNIGHTMARE"]
[Site "SchemingMind.com"]
[Date "2019.08.04"]
[Round "-"]
[White "roscoe"]
[Black "Helga1946"]
[Result "0-1"]
[WhiteCountry "USA"]
[BlackCountry "GER"]
[WhiteElo "1289"]
[WhiteRD "84"]
[BlackElo "2235"]
[BlackRD "64"]
[GameID "444309"]

1. d4 d5 2. Nf3 c6 3. g3 Bf5 4. Nbd2 h6 5. Nh4 Bh7 6. e3 e6 7. Bg2 Be7 8. O-O Bxh4 9. gxh4 Qxh4 10. Nf3 Qd8
11. b3 Nd7 12. Re1 Ngf6 13. Bb2 O-O 14. c4 Qc7 15. cxd5 exd5 16. Ba3 Rfe8 17. Bb2 Ng4 18. Ne5 Ndxe5 19. dxe5 Nxe5 20. Bxe5 Rxe5
21. Qf3 Be4 22. Qg3 Bxg2 23. Kxg2 Rg5
0-1

[Event "YOUR WORST KNIGHTMARE"]
[Site "SchemingMind.com"]
[Date "2019.08.03"]
[Round "-"]
[White "Steven DuCharme"]
[Black "Helga1946"]
[Result "0-1"]
[WhiteCountry "USA"]
[BlackCountry "GER"]
[WhiteElo "1538"]
[WhiteRD "53"]
[BlackElo "2175"]
[BlackRD "72"]
[GameID "444310"]

1. d4 d5 2. c4 dxc4 3. Qa4+ Nc6 4. Nf3 Bg4 5. Qxc4 Bxf3 6. exf3 Qxd4 7. Qxd4 Nxd4 8. Bd3 O-O-O 9. Be3 Nxf3+ 10. gxf3 Rxd3
11. Ke2 Rd7 12. Nc3 e6 13. Rhd1 Nf6 14. Nb5 a6 15. Rxd7 Nxd7 16. Nc3 Be7 17. a3 Rd8 18. Rd1 Nf6 19. b4 Rxd1 20. Kxd1 Nd5
21. Nxd5 exd5 22. Bd2 a5 23. bxa5 Bxa3
0-1

[Event "YOUR WORST KNIGHTMARE"]
[Site "SchemingMind.com"]
[Date "2019.08.02"]
[Round "-"]
[White "Helga1946"]
[Black "Phillip Beckett"]
[Result "1-0"]
[WhiteCountry "GER"]
[BlackCountry "ENG"]
[WhiteElo "2235"]
[WhiteRD "64"]
[BlackElo "1497"]
[BlackRD "51"]
[GameID "444311"]

1. Nf3 Nf6 2. g3 g6 3. Bg2 Bg7 4. d4 d6 5. a4 O-O 6. c3 Nbd7 7. Bg5 h6 8. Bf4 Kh7 9. O-O c6 10. Qc2 Nh5
11. Bd2 f5 12. e4 fxe4 13. Qxe4 Nhf6 14. Qd3 e5 15. Nh4 Qe8 16. Re1 e4 17. Bxe4 Nxe4 18. Rxe4 Qf7 19. Rf4 Qe6 20. Re4 Qf7
21. Bf4 Nf6 22. Re2 Nh5 23. Bxd6 Re8 24. Rxe8 Qxe8 25. Nd2 Qf7 26. Re1 Bf5 27. Nxf5 Qxf5 28. Qxf5 gxf5 29. Re7 b6 30. Nc4 Kg8
31. Rc7 c5 32. dxc5 bxc5 33. Ne3 f4 34. Nf5 fxg3 35. hxg3 Rf8 36. Bxf8 Kxf8 37. Rxa7 Be5 38. a5
1-0

[Event "YOUR WORST KNIGHTMARE"]
[Site "SchemingMind.com"]
[Date "2019.08.05"]
[Round "-"]
[White "grabapawn"]
[Black "roscoe"]
[Result "1-0"]
[WhiteCountry "USA"]
[BlackCountry "USA"]
[WhiteElo "1453"]
[WhiteRD "54"]
[BlackElo "1316"]
[BlackRD "86"]
[GameID "444385"]

1. d4 d5 2. Bf4 g6 3. Nc3 Nc6 4. Nb5 a6 5. Nxc7+ Kd7 6. Nxd5 Nf6 7. Nxf6+ exf6 8. e4 Bd6 9. Qg4+ Kc7 10. Bxd6+ Kxd6
11. e5+ fxe5 12. dxe5+ Ke7 13. Qg5+ Kf8 14. Qh6+ Ke8 15. Qg7 Rf8 16. Rd1 Qe7 17. Nf3 Bg4 18. Be2 Rd8 19. O-O Bxf3 20. Bxf3 Nxe5
21. Bxb7 Qxb7 22. Qxe5+ Qe7 23. Rxd8+ Kxd8 24. Qb8+ Kd7 25. Rd1+ Ke6 26. Re1+ Kf6 27. Rxe7 Kxe7 28. Qe5+ Kd8 29. Qd6+ Kc8 30. Qxf8+
1-0

[Event "YOUR WORST KNIGHTMARE"]
[Site "SchemingMind.com"]
[Date "2019.08.04"]
[Round "-"]
[White "grabapawn"]
[Black "Steven DuCharme"]
[Result "0-1"]
[WhiteCountry "USA"]
[BlackCountry "USA"]
[WhiteElo "1453"]
[WhiteRD "54"]
[BlackElo "1538"]
[BlackRD "53"]
[GameID "444386"]

1. d4 Nf6 2. Bf4 d6 3. e3 e6 4. Nf3 Be7 5. Bd3 O-O 6. h4 a6 7. Ng5 Re8 8. Nd2 Nbd7 9. h5 h6 10. Bg6 fxg6
11. hxg6 Nf8 12. Nde4 Nxe4 13. Qh5 Nxg5 14. O-O-O b6 15. f3 Bb7 16. Rh2 d5 17. Kb1 Bf6 18. Rdh1 c5 19. Be5 Bxe5 20. dxe5 b5
21. f4 Ne4 22. Qe2 Ng3 23. Qg4 Nxh1 24. Rxh1 d4 25. exd4 Be4 26. Re1 Bxg6 27. Qh3 cxd4 28. g4 Ra7 29. f5 exf5 30. gxf5 Bh7
31. e6 Qf6 32. e7 Raxe7 33. Rxe7 Qxe7 34. a3 a5
0-1

[Event "YOUR WORST KNIGHTMARE"]
[Site "SchemingMind.com"]
[Date "2019.08.04"]
[Round "-"]
[White "Phillip Beckett"]
[Black "grabapawn"]
[Result "0-1"]
[WhiteCountry "ENG"]
[BlackCountry "USA"]
[WhiteElo "1476"]
[WhiteRD "49"]
[BlackElo "1475"]
[BlackRD "51"]
[GameID "444387"]

1. e4 d6 2. d4 Nf6 3. Nc3 Nbd7 4. Nf3 e5 5. dxe5 dxe5 6. Bg5 Be7 7. Bb5 c6 8. Bc4 Qc7 9. O-O h6 10. Bh4 g5
11. Bg3 Nh5 12. Nd2 Ndf6 13. f3 Nf4 14. Bxf4 gxf4 15. Nb3 Rh7 16. Qe2 Bd7 17. Rad1 O-O-O 18. Na4 Rg7 19. Nac5 Bh3 20. Rxd8+ Kxd8
21. Rf2 b6 22. Qd2+ Ke8 23. Na6 Qb7 24. Nb4 a5 25. Nxc6 Qxc6 26. Bd5 Nxd5 27. exd5 Qd6 28. Kh1 Qg6 29. d6 Bxd6 30. Qe1 Bxg2+
31. Kg1 Bxf3+ 32. Kf1 Qg1#
0-1

[Event "YOUR WORST KNIGHTMARE"]
[Site "SchemingMind.com"]
[Date "2019.08.05"]
[Round "-"]
[White "Helga1946"]
[Black "grabapawn"]
[Result "1-0"]
[WhiteCountry "GER"]
[BlackCountry "USA"]
[WhiteElo "2167"]
[WhiteRD "75"]
[BlackElo "1475"]
[BlackRD "51"]
[GameID "444388"]

1. e4 d6 2. d4 Nd7 3. d5 Ngf6 4. Nc3 e5 5. dxe6 fxe6 6. h3 Be7 7. Nf3 e5 8. Bc4 c6 9. Ng5 d5 10. Ne6 Qb6
11. exd5 Nc5 12. Nxg7+ Kf8 13. Nh5 Nce4 14. Nxe4 Nxe4 15. Qf3+ Nf6 16. d6
1-0

[Event "YOUR WORST KNIGHTMARE"]
[Site "SchemingMind.com"]
[Date "2019.08.04"]
[Round "-"]
[White "kenneth m day"]
[Black "grabapawn"]
[Result "1-0"]
[WhiteCountry "USA"]
[BlackCountry "USA"]
[WhiteElo "1745"]
[WhiteRD "50"]
[BlackElo "1475"]
[BlackRD "51"]
[GameID "444400"]

1. e4 d6 2. d4 Nf6 3. Nc3 Nbd7 4. f4 e5 5. fxe5 dxe5 6. dxe5 Nxe5 7. Qxd8+ Kxd8 8. Bf4 Nc6 9. O-O-O+ Bd7 10. Bc4 Nh5
11. Be3 Ne5 12. Be2 Ke8 13. Bxh5 g6 14. Bf3 Nxf3 15. Nxf3 f6 16. Rhf1 Bd6 17. g3 b6 18. e5 fxe5 19. Bh6 Bc6 20. Ng5 Be7
21. Ne6 Bd7 22. Nxc7+ Kd8 23. Nxa8 Re8 24. Nd5 Bc5 25. Nac7
1-0

[Event "YOUR WORST KNIGHTMARE"]
[Site "SchemingMind.com"]
[Date "2019.08.05"]
[Round "-"]
[White "roscoe"]
[Black "kenneth m day"]
[Result "0-1"]
[WhiteCountry "USA"]
[BlackCountry "USA"]
[WhiteElo "1321"]
[WhiteRD "88"]
[BlackElo "1689"]
[BlackRD "51"]
[GameID "444401"]

1. d4 Nf6 2. Nf3 d6 3. g3 g6 4. Bg2 Bg7 5. O-O O-O 6. Nbd2 Bg4 7. Re1 Nbd7 8. c4 Rb8 9. b4 c5 10. bxc5 dxc5
11. dxc5 Nxc5 12. Ba3 b6 13. Bxc5 bxc5 14. Ne5 Qd6 15. Nxg4 Nxg4 16. Rb1 Bc3 17. Ne4 Qxd1 18. Rexd1 Rxb1 19. Rxb1 Bb4 20. h3 Ne5
21. Rc1 Rd8 22. f4 Rd4 23. Nc3 Nxc4 24. Nb5 Bd2 25. Nxd4 Bxc1 26. Nb3 Be3+ 27. Kf1 e6 28. Bc6 Kf8 29. Kg2 Ke7 30. g4 Kd6
31. Bb5 Nb6 32. Kf3 Nd5 33. Na5 Bd4 34. Nc6 Nc3 35. a4 Nxb5 36. axb5 Kc7 37. e3 Bb2 38. Nxa7 Kb6 39. Nc8+ Kxb5 40. Nd6+ Kb4
41. Nxf7 c4 42. Ke2 c3 43. Kd1 Kb3
0-1

[Event "YOUR WORST KNIGHTMARE"]
[Site "SchemingMind.com"]
[Date "2019.08.06"]
[Round "-"]
[White "Steven DuCharme"]
[Black "kenneth m day"]
[Result "0-1"]
[WhiteCountry "USA"]
[BlackCountry "USA"]
[WhiteElo "1528"]
[WhiteRD "53"]
[BlackElo "1692"]
[BlackRD "51"]
[GameID "444402"]

1. g3 d5 2. Bg2 Nf6 3. Nf3 c6 4. O-O Bf5 5. b3 Nbd7 6. Bb2 g6 7. d3 Bg7 8. Nbd2 O-O 9. Re1 Re8 10. e4 dxe4
11. Nxe4 e5 12. Nd6 Re6 13. Nxf5 gxf5 14. Ng5 Re7 15. h4 h6 16. Nh3 Ng4 17. d4 exd4 18. Bxd4 Rxe1+ 19. Qxe1 Bxd4 20. Rd1 Ndf6
21. c3 Bxf2+ 22. Nxf2 Qb6 23. Rd4 Re8 24. Qd2 Ne3 25. Bf3 Qc5 26. Rd8 Rxd8 27. Qxd8+ Kg7 28. Qd4 Qxd4 29. cxd4 Nc2 30. Nd3 Nxd4
31. Bd1 Nd5 32. Bh5 Nc3 33. Nc1 Kf6 34. Kf1 Ndb5 35. a4 Nd4 36. Kf2 Nd5 37. Bd1 Ke5 38. Nd3+ Ke4 39. Nc5+ Ke5
0-1

[Event "YOUR WORST KNIGHTMARE"]
[Site "SchemingMind.com"]
[Date "2019.08.04"]
[Round "-"]
[White "kenneth m day"]
[Black "Phillip Beckett"]
[Result "1-0"]
[WhiteCountry "USA"]
[BlackCountry "ENG"]
[WhiteElo "1745"]
[WhiteRD "50"]
[BlackElo "1476"]
[BlackRD "49"]
[GameID "444403"]

1. e4 e5 2. f4 exf4 3. Nf3 Be7 4. Bc4 Bh4+ 5. Kf1 Be7 6. Nc3 d6 7. d4 Nf6 8. Bxf4 O-O 9. Qd2 Bg4 10. h3 Bd7
11. Ke2 Nc6 12. Rag1 Re8 13. g4 h6 14. Kd1 Bf8 15. Bd3 Nh7 16. h4 Qc8 17. Qg2 Nf6 18. g5 hxg5 19. hxg5 Ng4 20. Kd2 Nb4
21. Qh3 Nh6 22. Qh4 Nxd3 23. cxd3
1-0

[Event "YOUR WORST KNIGHTMARE"]
[Site "SchemingMind.com"]
[Date "2019.08.05"]
[Round "-"]
[White "Helga1946"]
[Black "kenneth m day"]
[Result "1-0"]
[WhiteCountry "GER"]
[BlackCountry "USA"]
[WhiteElo "1916"]
[WhiteRD "56"]
[BlackElo "1689"]
[BlackRD "51"]
[GameID "444404"]

1. e4 e5 2. Nf3 Nc6 3. Bb5 a6 4. Bxc6 dxc6 5. h3 Nf6 6. d3 Bd6 7. Bg5 O-O 8. O-O Be6 9. d4 h6 10. Bh4 exd4
11. e5 Bxe5 12. Nxe5 Re8 13. Re1 c5 14. Nd2 Qd5 15. Bxf6 gxf6 16. Ng4 Qg5 17. Ne4 Qg6 18. Ngxf6+ Kh8 19. Nxe8 Rxe8 20. Nxc5 Re7
21. Qxd4+ Kh7 22. Re3
1-0

[Event "YOUR WORST KNIGHTMARE"]
[Site "SchemingMind.com"]
[Date "2019.08.07"]
[Round "-"]
[White "Kenny Elliott"]
[Black "roscoe"]
[Result "0-1"]
[WhiteCountry "USA"]
[BlackCountry "USA"]
[WhiteElo "1656"]
[WhiteRD "65"]
[BlackElo "1289"]
[BlackRD "84"]
[GameID "444487"]

1. d4 d5 2. c4 Nf6 3. Nf3 c6 4. Ne5 Be6 5. c5 Nbd7 6. Nxd7 Qxd7 7. Qb3 g6 8. Bf4 Nh5 9. Qf3 Nxf4 10. Qxf4 Bg7
11. e3 O-O 12. Bd3 b6 13. b4 bxc5 14. bxc5 Rab8 15. O-O Bf5 16. Bxf5 Qxf5 17. Qc7 Qc8 18. Qxa7 Rb7 19. Qa4 e5 20. Nd2 exd4
21. exd4 Qc7 22. Qa3 Bxd4 23. Rab1 Ra7 24. Qb4 Be5 25. a4 d4 26. Qc4 Bxh2+ 27. Kh1 Bf4 28. Nf3 Rd8 29. Nxd4 Qe5 30. Nxc6 Qh5+
31. Kg1 Qh2#
0-1

[Event "YOUR WORST KNIGHTMARE"]
[Site "SchemingMind.com"]
[Date "2019.08.07"]
[Round "-"]
[White "Steven DuCharme"]
[Black "Kenny Elliott"]
[Result "0-1"]
[WhiteCountry "USA"]
[BlackCountry "USA"]
[WhiteElo "1538"]
[WhiteRD "53"]
[BlackElo "1597"]
[BlackRD "67"]
[GameID "444488"]

1. c4 Nf6 2. Nf3 g6 3. b3 Bg7 4. Bb2 O-O 5. g3 d5 6. Bg2 dxc4 7. bxc4 c5 8. O-O Qb6 9. Qc1 Be6 10. d3 Nc6
11. Nbd2 Qd8 12. Ne5 Nxe5 13. Bxe5 b6 14. Bxa8 Qxa8 15. f3 Bh6 16. Qc2 Bh3 17. Rf2 Be3 18. Bxf6 Bxf2+ 19. Kxf2 exf6 20. g4 f5
21. Kg3 fxg4 22. Ne4 Qb8+ 23. f4 f5 24. Ng5 Qe8 25. e4 Qd7 26. Nxh3 gxh3 27. e5 Qd4 28. Re1 Rd8 29. e6 Re8 30. Qe2 Kg7
31. Kxh3 Qxf4 32. Qe5+ Qxe5 33. Rxe5 Kf6 34. Rd5 Rxe6 35. a4 a5 36. Kg3 h5 37. h4 g5 38. hxg5+ Kxg5 39. d4 cxd4
0-1

[Event "YOUR WORST KNIGHTMARE"]
[Site "SchemingMind.com"]
[Date "2019.08.07"]
[Round "-"]
[White "Kenny Elliott"]
[Black "Phillip Beckett"]
[Result "1-0"]
[WhiteCountry "USA"]
[BlackCountry "ENG"]
[WhiteElo "1585"]
[WhiteRD "74"]
[BlackElo "1476"]
[BlackRD "49"]
[GameID "444489"]

1. d4 d5 2. c4 e6 3. Nf3 Nf6 4. Bg5 Be7 5. e3 h6 6. Bh4 O-O 7. c5 c6 8. Bd3 Nbd7 9. O-O Re8 10. Nc3 Nh7
11. Bxh7+ Kxh7 12. Bxe7 Qxe7 13. h4 e5 14. Re1 e4 15. Nd2 Qxh4 16. Nf1 Re6 17. Qb3 Rg6 18. Ng3 Nf6 19. Nce2 Ng4 20. Nf4 Qh2+
21. Kf1 Rf6 22. Ke2 Rxf4 23. exf4 e3 24. Kf3 Nxf2 25. Qxe3 Ne4 26. Nxe4 dxe4+ 27. Qxe4+ f5 28. Qe8 Bd7 29. Qf7 Be8 30. Rxe8 Rxe8
31. Qxe8
1-0

[Event "YOUR WORST KNIGHTMARE"]
[Site "SchemingMind.com"]
[Date "2019.08.07"]
[Round "-"]
[White "Kenny Elliott"]
[Black "grabapawn"]
[Result "1-0"]
[WhiteCountry "USA"]
[BlackCountry "USA"]
[WhiteElo "1597"]
[WhiteRD "67"]
[BlackElo "1453"]
[BlackRD "54"]
[GameID "444490"]

1. d4 d6 2. e4 Nd7 3. Nf3 Ngf6 4. Bc4 c6 5. Nc3 e6 6. Bg5 Be7 7. O-O Qc7 8. e5 dxe5 9. dxe5 O-O 10. exf6 Bxf6
11. Bxf6 Nxf6 12. Bd3 Rd8 13. h4 b5 14. Qe2 Nh5 15. g3 Qb6 16. Kg2 f5 17. Qe5 Nf6 18. Ng5 Re8 19. Rae1 h6 20. Nf3 Ng4
21. Qd6 e5 22. Nxe5 Nxe5 23. Rxe5 Rxe5 24. Qxe5 Bd7 25. Qe7 Rd8 26. Re1 Qc7 27. Bxf5 c5 28. Bxd7 Rxd7 29. Qe8+ Kh7 30. Qf8 a6
31. Qf5+ g6 32. Qf8 Rf7 33. Qa8 h5 34. Qxa6 Qd8 35. Re6 Qd2 36. Rf6 Rxf6 37. Qxf6 Qd7 38. Ne4 Qb7 39. f3 c4 40. Ng5+ Kg8
41. Qxg6+ Qg7 42. Qxg7+ Kxg7 43. Ne6+
1-0

[Event "YOUR WORST KNIGHTMARE"]
[Site "SchemingMind.com"]
[Date "2019.08.07"]
[Round "-"]
[White "kenneth m day"]
[Black "Kenny Elliott"]
[Result "1-0"]
[WhiteCountry "USA"]
[BlackCountry "USA"]
[WhiteElo "1745"]
[WhiteRD "50"]
[BlackElo "1585"]
[BlackRD "74"]
[GameID "444491"]

1. e4 c5 2. d4 e6 3. Nf3 Qb6 4. c3 Nf6 5. Bd3 cxd4 6. Nxd4 Bc5 7. O-O O-O 8. Qc2 Nc6 9. Nxc6 Bxf2+ 10. Qxf2 Qxc6
11. Re1 Ng4 12. Qf4 Qc5+ 13. Be3 Nxe3 14. Rxe3 e5 15. Qf2 d5 16. Nd2 d4 17. cxd4 exd4 18. Ree1 Qg5 19. Nf3 Qg6 20. Nxd4 Bh3
21. Re3 Be6 22. Rg3 Qh6 23. Nxe6 Qxe6 24. b3 a5 25. Re1 Qe5 26. Qe3 Qb2 27. Re2 Qa1+ 28. Kf2 Qf6+ 29. Rf3 Qh4+ 30. Rg3 Rad8
31. Bc2 Rd6 32. Qg5 Qxh2 33. Qxg7#
1-0

[Event "YOUR WORST KNIGHTMARE"]
[Site "SchemingMind.com"]
[Date "2019.08.07"]
[Round "-"]
[White "Helga1946"]
[Black "Kenny Elliott"]
[Result "1-0"]
[WhiteCountry "GER"]
[BlackCountry "USA"]
[WhiteElo "2235"]
[WhiteRD "64"]
[BlackElo "1656"]
[BlackRD "65"]
[GameID "444492"]

1. d4 Nf6 2. Bg5 Ne4 3. Bf4 d5 4. f3 e5 5. Bxe5 Bb4+ 6. c3 Nxc3 7. bxc3 Bd6 8. Bxd6 Qxd6 9. Nd2 O-O 10. Rc1 b5
11. e4 dxe4 12. fxe4 c6 13. Bd3 Qg6 14. Qe2 f5 15. Ngf3 fxe4 16. Bxe4 Bf5 17. Nh4 Qg5 18. Nxf5 Rxf5 19. Bxf5 Qxf5 20. Qe8+ Qf8
21. Qxf8+ Kxf8 22. O-O+ Kg8 23. c4 bxc4 24. Nxc4 Nd7 25. Nd6
1-0

[Event "YOUR WORST KNIGHTMARE"]
[Site "SchemingMind.com"]
[Date "2019.08.09"]
[Round "-"]
[White "im_cincinnati_kid37"]
[Black "roscoe"]
[Result "1-0"]
[WhiteCountry "USA"]
[BlackCountry "USA"]
[WhiteElo "1236"]
[WhiteRD "81"]
[BlackElo "1327"]
[BlackRD "91"]
[GameID "444514"]

1. e4 e5 2. Nf3 Nc6 3. Bb5 Nge7 4. d3 g6 5. Bc4 d5 6. exd5 Nd4 7. Nxd4 exd4 8. Nd2 Bh6 9. Qf3 O-O 10. O-O a6
11. Ne4 Bxc1 12. Rfxc1 b5 13. Bb3 Bb7 14. c4 bxc4 15. dxc4 a5 16. g3 c5 17. Nf6+ Kh8 18. Ng4 a4 19. Qf6+ Kg8 20. Nh6#
1-0

[Event "YOUR WORST KNIGHTMARE"]
[Site "SchemingMind.com"]
[Date "2019.08.08"]
[Round "-"]
[White "im_cincinnati_kid37"]
[Black "Steven DuCharme"]
[Result "0-1"]
[WhiteCountry "USA"]
[BlackCountry "USA"]
[WhiteElo "1228"]
[WhiteRD "82"]
[BlackElo "1538"]
[BlackRD "53"]
[GameID "444515"]

1. e4 Nf6 2. e5 Nd5 3. d4 d6 4. Nf3 e6 5. Bc4 Be7 6. Bd2 O-O 7. O-O Nb6 8. Bd3 h6 9. Be3 dxe5 10. dxe5 Nc6
11. c3 Nd5 12. Bd2 a6 13. c4 Ndb4 14. Be2 a5 15. a3 Nd3 16. Ra2 b6 17. Bc3 Nf4 18. Bd2 Nxe2+ 19. Qxe2 Nd4 20. Qd1 Bb7
21. Nxd4 Qxd4 22. b3 Qxe5 23. Re1 Qf6 24. f3 Rfd8 25. Qc2 Rd7 26. Rf1 Qd4+ 27. Rf2 Rad8 28. Qd1 Bg5 29. Qf1 e5 30. Bxg5 hxg5
31. Nd2 f5 32. h3 e4 33. fxe4 fxe4 34. Nf3 exf3 35. gxf3 Bxf3 36. Rd2 Qxd2 37. Rxd2 Rxd2 38. Qxf3 Rd1+ 39. Kg2 R8d2+ 40. Kg3 Rd3
41. Qxd3 Rxd3+ 42. Kg4 Rxb3 43. a4 Rb4 44. Kxg5 Rxc4 45. h4 Rxa4 46. h5 Kf7 47. h6 gxh6+ 48. Kxh6 Rf4 49. Kg5 Rf1 50. Kg4 Kf6
51. Kg3 Kf5 52. Kg2 Rf4 53. Kg3 Kg5
0-1

[Event "YOUR WORST KNIGHTMARE"]
[Site "SchemingMind.com"]
[Date "2019.08.07"]
[Round "-"]
[White "Kenny Elliott"]
[Black "im_cincinnati_kid37"]
[Result "1-0"]
[WhiteCountry "USA"]
[BlackCountry "USA"]
[WhiteElo "1597"]
[WhiteRD "67"]
[BlackElo "1228"]
[BlackRD "82"]
[GameID "444516"]

1. d4 Nf6 2. c4 g6 3. Nc3 Bg7 4. Nf3 O-O 5. e4 d6 6. Bf4 Bg4 7. Be2 Nbd7 8. e5 dxe5 9. Nxe5 Nxe5 10. Bxe5 Bxe2
11. Qxe2 Qd7 12. O-O b6 13. Rfe1 c6 14. Rad1 Rae8 15. c5 Qb7 16. b4 b5 17. Qf3 Qc8 18. d5 cxd5 19. Nxd5 Nxd5 20. Bxg7 Kxg7
21. Rxd5 a6 22. Qc3+ Kg8 23. c6 Rd8 24. Red1 Qc7 25. Rxd8 Rxd8 26. Rxd8+ Qxd8 27. Qc1 Qc7 28. Qc2 e6 29. h3 Kg7 30. a4 Kg8
31. axb5 axb5 32. Qc5 Kg7 33. Qxb5 Kf8 34. Qb7 Qxb7 35. cxb7 Kg7 36. b8=Q Kf6 37. Qd8+ Kg7 38. b5 Kh6 39. b6
1-0

[Event "YOUR WORST KNIGHTMARE"]
[Site "SchemingMind.com"]
[Date "2019.08.08"]
[Round "-"]
[White "Phillip Beckett"]
[Black "im_cincinnati_kid37"]
[Result "0-1"]
[WhiteCountry "ENG"]
[BlackCountry "USA"]
[WhiteElo "1476"]
[WhiteRD "49"]
[BlackElo "1236"]
[BlackRD "81"]
[GameID "444517"]

1. e4 e5 2. Nf3 Nc6 3. Bb5 Nf6 4. d3 g6 5. O-O Bg7 6. h3 O-O 7. Bxc6 dxc6 8. Nh2 b6 9. f4 exf4 10. Bxf4 h5
11. Qd2 Re8 12. Bh6 Re6 13. Bxg7 Kxg7 14. Nc3 Ba6 15. Rae1 Qe7 16. Nf3 Rd8 17. Nd4 Rxd4 18. Qe3 Rd7 19. Qf3 c5 20. Nd5 Nxd5
21. exd5 Rxe1 22. Rxe1 Qxe1+ 23. Qf1 Qxf1+
0-1

[Event "YOUR WORST KNIGHTMARE"]
[Site "SchemingMind.com"]
[Date "2019.08.07"]
[Round "-"]
[White "kenneth m day"]
[Black "im_cincinnati_kid37"]
[Result "1-0"]
[WhiteCountry "USA"]
[BlackCountry "USA"]
[WhiteElo "1745"]
[WhiteRD "50"]
[BlackElo "1236"]
[BlackRD "81"]
[GameID "444518"]

1. e4 e5 2. f4 exf4 3. Nf3 d6 4. d4 Qe7 5. Nc3 c6 6. Bxf4 d5 7. e5 h6 8. Be2 Be6 9. Qd2 Nd7 10. O-O-O O-O-O
11. h3 a6 12. g4 g5 13. Bg3 f6 14. Na4 Re8 15. Qa5 Kb8 16. Rd3 Rc8 17. Rb3 Qd8 18. Qxa6 Nb6 19. exf6+ Bd6 20. Bxd6+ Qxd6
21. Qxb6 Nxf6 22. Qxb7#
1-0

[Event "YOUR WORST KNIGHTMARE"]
[Site "SchemingMind.com"]
[Date "2019.08.08"]
[Round "-"]
[White "grabapawn"]
[Black "im_cincinnati_kid37"]
[Result "1-0"]
[WhiteCountry "USA"]
[BlackCountry "USA"]
[WhiteElo "1475"]
[WhiteRD "51"]
[BlackElo "1236"]
[BlackRD "81"]
[GameID "444519"]

1. d4 d5 2. Bf4 c6 3. c3 Nd7 4. Nd2 Nb6 5. e3 Nf6 6. Bd3 g6 7. h3 Bg7 8. g4 h6 9. Ngf3 O-O 10. g5 hxg5
11. Bxg5 Qd6 12. h4 Nh5 13. Be2 f6 14. Bf4 Nxf4 15. exf4 Qxf4 16. Rg1 Bg4 17. Qc2 f5 18. O-O-O e6 19. Kb1 Nc4 20. Rge1 Nxd2+
21. Nxd2 Bxe2 22. Rxe2 Rfe8 23. Rde1 Qd6 24. Nf3 Re7 25. h5 Rae8 26. hxg6 b5 27. Ng5 a6 28. Rh1 Bxd4 29. cxd4 Rg7 30. f4 Qxf4
31. Nxe6 Rxe6 32. Rxe6 Qb8 33. Qe2 Qc8 34. Re8+ Qxe8 35. Qxe8#
1-0

[Event "YOUR WORST KNIGHTMARE"]
[Site "SchemingMind.com"]
[Date "2019.08.08"]
[Round "-"]
[White "im_cincinnati_kid37"]
[Black "Helga1946"]
[Result "0-1"]
[WhiteCountry "USA"]
[BlackCountry "GER"]
[WhiteElo "1228"]
[WhiteRD "82"]
[BlackElo "2175"]
[BlackRD "72"]
[GameID "444520"]

1. e4 e5 2. Nf3 Nc6 3. Bb5 a6 4. Bxc6 dxc6 5. O-O Bg4 6. d3 Qf6 7. Nbd2 g5 8. h3 h5 9. h4 gxh4 10. Qe2 h3
11. g3 Rd8 12. Kh2 Bh6 13. b3 Bxd2 14. Qxd2 Bxf3 15. Kxh3 Qe6+ 16. Kh2 f6 17. Rg1 Qg4 18. Rg2 h4 19. Qe3 hxg3+ 20. Kg1 Rh1+
21. Kxh1 Qh3+ 22. Kg1 Qxg2#
0-1

[Event "YOUR WORST KNIGHTMARE"]
[Site "SchemingMind.com"]
[Date "2019.08.09"]
[Round "-"]
[White "DLambourne"]
[Black "roscoe"]
[Result "1-0"]
[WhiteCountry "ENG"]
[BlackCountry "USA"]
[WhiteElo "2149"]
[WhiteRD "171"]
[BlackElo "1316"]
[BlackRD "86"]
[GameID "444527"]

1. d4 d5 2. c4 dxc4 3. Nc3 e6 4. e4 Nf6 5. Bxc4 Bb4 6. Bg5 O-O 7. e5 Bxc3+ 8. bxc3 c6 9. exf6 g6 10. Nf3 b5
11. Bd3 Nd7 12. h4 Re8 13. h5 Nxf6 14. hxg6 fxg6 15. Ne5 Qd5 16. Bxf6 Qxg2 17. Ke2 h5 18. Rg1 Qd5 19. Rxg6+ Kh7 20. Rg3+ Kh6
21. Nf7#
1-0

[Event "YOUR WORST KNIGHTMARE"]
[Site "SchemingMind.com"]
[Date "2019.08.08"]
[Round "-"]
[White "DLambourne"]
[Black "im_cincinnati_kid37"]
[Result "1-0"]
[WhiteCountry "ENG"]
[BlackCountry "USA"]
[WhiteElo "2149"]
[WhiteRD "171"]
[BlackElo "1228"]
[BlackRD "82"]
[GameID "444528"]

1. d4 d5 2. c4 e6 3. Nf3 Nf6 4. Nc3 c6 5. cxd5 cxd5 6. Bg5 Qa5 7. Bxf6 gxf6 8. e3 Nc6 9. Be2 a6 10. O-O Bg7
11. a3 O-O 12. Rc1 Qb6 13. b4 Qc7 14. e4 b5 15. exd5 exd5 16. Nxd5 Qd6 17. Rxc6 Qxd5 18. Rc5 Qb7 19. Qd2 Be6 20. Bd3 Rad8
21. Rh5 h6 22. Rxh6 Bxh6 23. Qxh6 f5 24. Ng5 Rfe8 25. Nh7 f6 26. Nxf6+ Kf7 27. Qh7+ Kxf6 28. Qxb7 Bc8 29. Qb6+ Re6 30. Qxd8+ Kf7
31. Qxc8 Kf6 32. Qf8+ Kg6 33. Qxf5+ Kh6 34. Qxe6+
1-0